| 000 | 00612cam a2200181 4500 | ||
|---|---|---|---|
| 001 | WS104691 | ||
| 008 | 000000n 000 0 eng u | ||
| 035 | _a(Sirsi) u104691 | ||
| 245 | _aConstruction Europe | ||
| 520 | _aWeb site for this pan-European magazine for the construction industry including articles from the latest issue. | ||
| 650 | _aEUROPE | ||
| 650 | _aJOURNALS | ||
| 650 | _aCONSTRUCTION INDUSTRY | ||
| 650 | _aINTERNATIONAL | ||
| 690 | _aBUILT ENVIRONMENT | ||
| 856 | 4 | 0 |
_uhttps://www.construction-europe.com/ _zView the website free of charge at www.construction-europe.com/... |
| 942 | _n0 | ||
| 999 |
_c119439 _d119439 |
||